| 000 | 00460nam a2200169 i 4500 | ||
|---|---|---|---|
| 001 | bg | ||
| 100 | 1 | _aTARNOWSKI, Zdzisław | |
| 245 | 0 |
_aElektryczne mierniki tablicowe / _cZdzisław Tarnowski. |
|
| 260 |
_aWarszawa : _bWKiŁ, _c1984. |
||
| 650 | 9 |
_aPrzyrządy pomiarowe _xelektrotechnika |
|
| 655 | _aPodręczniki akademickie | ||
| 040 | _cBPK | ||
| 041 | _apol | ||
| 080 | _a621.317.7(075.8) | ||
| 942 | _cKS | ||
| 008 | s pl f |000 0 pol | ||
| 999 |
_c22704 _d22704 |
||
| 856 |
_uhttp://koha.tu.koszalin.pl/cgi-bin/koha/opac-detail.pl?biblionumber=22704 _yKatalog online BPK |
||